000 00239nam a2200097 a 4500
005 20200930070504.0
008 110908s1798 000 spa d
245 0 _aThe columbiad : an epic poem.
260 _aLondon,
_c1798.
999 _c33238
_d33238
040 _aDO-SdBNP